000 002830000a22000970004500
100 1 _aBonilla A., Plutarco
245 1 0 _aJustificación y justicia en el testimonio de Isaías
300 _aVol. 6, Num 1 (Enero-Junio, 1986), Páginas 57-58
773 0 _tVida y pensamiento
942 _cANA
999 _c52759
_d52759